La fotografía en España en el período de entreguerras : (Record no. 192632)

MARC details
000 -LEADER
campo de control de longitud fija 01313nam a2200361 i 4500
001 - NÚMERO DE CONTROL
campo de control 192632
003 - IDENTIFICADOR DE NÚMERO DE CONTROL
campo de control SpMaBN
005 - FECHA Y HORA DE LA ÚLTIMA TRANSACCIÓN
campo de control 20240224063115.0
007 - CAMPO FIJO DE DESCRIPCIÓN FÍSICA--INFORMACIÓN GENERAL
campo de control de longitud fija ta
008 - DATOS DE LONGITUD FIJA--INFORMACIÓN GENERAL
campo de control de longitud fija 230516s2000 sp | ||| ||spa
016 7# - NÚMERO DE CONTROL DE UNA AGENCIA BIBLIOGRÁFICA NACIONAL
Número de control del registro bimoBNE20010438218
Fuente SpMaBN
017 ## - NÚMERO DE COPYRIGHT O DE DEPÓSITO LEGAL
Número de copyright o de depósito legal GI 1376-2000
Agencia que asigna Oficina Depósito Legal Girona
020 ## - NÚMERO INTERNACIONAL ESTÁNDAR DEL LIBRO
Número Internacional Estándar del Libro 8495483041
035 ## - NÚMERO DE CONTROL DEL SISTEMA
Número de control de sistema (OCoLC)434003052
040 ## - FUENTE DE CATALOGACIÓN
Centro catalogador/agencia de origen SpMaBN
Lengua de catalogación spa
Centro/agencia transcriptor ES-MaACL
Normas de descripción rda
080 ## - NÚMERO DE LA CLASIFICACIÓN DECIMAL UNIVERSAL
Número de la Clasificación Decimal Universal 77(460)"19"
100 1# - ENTRADA PRINCIPAL--NOMBRE DE PERSONA
Nombre de persona Insenser, Elisabet,
9 (RLIN) 176411
Término indicativo de función/relación Autor
245 13 - MENCIÓN DEL TÍTULO
Título La fotografía en España en el período de entreguerras :
Resto del título notas y documentos para una historia de la fotografía en España /
Mención de responsabilidad, etc. Elisabet Insenser
264 #1 - PRODUCCIÓN, PUBLICACIÓN, DISTRIBUCIÓN, FABRICACIÓN Y COPYRIGHT
Producción, publicación, distribución, fabricación y copyright Girona :
Nombre del de productor, editor, distribuidor, fabricante CCG,
-- Centre de Recerca i Difusió de la Imatge (CRDI),
Fecha de producción, publicación, distribución, fabricación o copyright 2000
300 ## - DESCRIPCIÓN FÍSICA
Extensión 256 páginas :
Otras características físicas ilustraciones(blanco y negro) ;
Dimensiones 21 cm
336 ## - TIPO DE CONTENIDO
Fuente rdacontent
Término de tipo de contenido Texto
337 ## - TIPO DE MEDIO
Fuente rdamedia
Nombre/término del tipo de medio sin mediación
338 ## - TIPO DE SOPORTE
Fuente rdacarrier
Nombre/término del tipo de soporte volumen
490 1# - MENCIÓN DE SERIE
Mención de serie Biblioteca de la imagen ;
Designación de volumen o secuencia 2
500 ## - NOTA GENERAL
Nota general Índice
504 ## - NOTA DE BIBLIOGRAFÍA, ETC.
Nota de bibliografía, etc. Bibliografía: páginas 233-256
650 #4 - PUNTO DE ACCESO ADICIONAL DE MATERIA--TÉRMINO DE MATERIA
Término de materia o nombre geográfico como elemento de entrada Fotografía-
Subdivisión geográfica España
Fuente del encabezamiento o término embne
9 (RLIN) 12950
830 10 - PUNTO DE ACCESO ADICIONAL DE SERIE-TÍTULO UNIFORME
Título uniforme Biblioteca de la imagen ;
Designación de volumen o secuencia 2
9 (RLIN) 176412
852 ## - LOCALIZACIÓN
Ubicación ES-MaACL
Sublocalización o colección R. 130559
Número de control de estantería N-8261
Ubicación en estantería Depósito J
itemnumber 199926
Nota libre Compra
942 ## - ELEMENTOS DE ENTRADA SECUNDARIOS (KOHA)
Tipo de ítem Koha Libro impreso
Suprimir en OPAC No
Holdings
Estatus retirado Estado de pérdida Fuente del sistema de clasificación o colocación Estado de daño No para préstamo Biblioteca de origen Biblioteca actual Ubicación en estantería Fecha de adquisición Fuente de adquisición Total de préstamos Signatura topográfica completa Código de barras Visto por última vez Tipo de ítem Koha
    Clasificación decimal universal     Biblioteca del Ateneo de Madrid Biblioteca del Ateneo de Madrid Depósito J 05/05/2023 Compra   N-8261 101205225 05/05/2023 Libro impreso